Úvery podnikom a obyvateľstvu skutočne vykazované a upravené časové rady
Operácie a skutočnosti, ktoré ovplyvnili štatisticky vykazovaný objem úverov podnikom a obyvateľstvu. Operácie súvisiace s reštrukturalizáciou vybraných obchodných bánk. Zmeny vykazovaného stavu úverov podnikom a obyvateľstvu v dôsledku ukončenia činnosti niektorých bankových subjektov.
Salvato in:
| Autore principale: | |
|---|---|
| Natura: | Capitolo di libro |
| Lingua: | slovacco |
| Soggetti: | |
| Tags: |
Nessun Tag, puoi essere il primo ad aggiungerne!!
|
MARC
| LEADER | 00000naa a2200000 4500 | ||
|---|---|---|---|
| 001 | r045225 | ||
| 005 | 20220729111042.7 | ||
| 041 | 0 | |a slo | |
| 044 | |a SK | ||
| 245 | 1 | 0 | |a Úvery podnikom a obyvateľstvu |b skutočne vykazované a upravené časové rady |c Rastislav Čársky |
| 520 | |a Operácie a skutočnosti, ktoré ovplyvnili štatisticky vykazovaný objem úverov podnikom a obyvateľstvu. Operácie súvisiace s reštrukturalizáciou vybraných obchodných bánk. Zmeny vykazovaného stavu úverov podnikom a obyvateľstvu v dôsledku ukončenia činnosti niektorých bankových subjektov. | ||
| 610 | 2 | 0 | |a úver |
| 610 | 2 | 0 | |a podnik |
| 610 | 2 | 0 | |a obyvateľstvo |
| 610 | 2 | 0 | |a rady časové |
| 610 | 2 | 0 | |a banky obchodné |
| 610 | 2 | 0 | |a portfólio |
| 610 | 2 | 0 | |a reštrukturalizácia |
| 610 | 2 | 0 | |a operácie bankové |
| 610 | 2 | 0 | |a Slovensko |
| 100 | 1 | |a Čársky, Rastislav | |